[Event "Asian Continental op (Women) 12th"]
[Site "Manila"]
[Date "2013.05.20"]
[Round "3"]
[White "Sihite, Chelsie Monica"]
[Black "Bernales, Christy Lamiel"]
[Result "1-0"]
[WhiteElo "2290"]
[BlackElo "2016"]
[PlyCount "183"]
[EventDate "2013.05.18"]
[EventType "swiss"]
[EventRounds "9"]
[EventCountry "PHI"]
[SourceTitle "CBM 154 Extra"]
[Source "ChessBase"]
[SourceDate "2013.06.25"]
[SourceVersion "2"]
[SourceVersionDate "2013.06.25"]
[SourceQuality "1"]

1. e4 e6 2. d4 d5 3. Nd2 Nf6 4. e5 Nfd7 5. Bd3 c5 6. c3 Nc6 7. Ne2 cxd4 8. cxd4 f6 9. exf6 Nxf6 10. Nf3 Bd6 11. 0-0 0-0 12. Bf4 Ne4 13. Bxd6 Qxd6 14. Ng3 Nxg3 15. hxg3 e5 16. dxe5 Nxe5 17. Be4 Nxf3+ 18. Bxf3 Be6 19. Re1 Bf7 20. Qd4 b6 21. Re5 Rad8 22. Rd1 Rfe8 23. Rxe8+ Rxe8 24. g4 h6 25. g3 Rd8 26. b4 Kf8 27. Kg2 Rc8 28. g5 h5 29. a3 a5 30. bxa5 bxa5 31. Qd3 Rd8 32. Qf5 g6 33. Qd3 d4 34. Be4 Kg7 35. Rc1 Re8 36. Bf3 Qe5 37. Rc6 Rd8 38. Rb6 Qf5 39. Qd2 h4 40. Rf6 h3+ 41. Kh2 Qe5 42. Ra6 Qf5 43. Bh1 Bb3 44. Rxa5 Qc2 45. Qf4 Rf8 46. Qxd4+ Kg8 47. Bd5+ Bxd5 48. Qxd5+ Kh8 49. Qe5+ Kg8 50. Qe6+ Kh8 51. Qxh3+ Kg8 52. Qe6+ Kh8 53. Qe5+ Kg8 54. Qd5+ Kh8 55. Qd4+ Kg8 56. Kg2 Qe2 57. Qd5+ Kh8 58. Qe5+ Qxe5 59. Rxe5 Ra8 60. Re3 Ra5 61. f4 Kg8 62. g4 Kf7 63. Kg3 Kg7 64. Rf3 Rc5 65. a4 Ra5 66. Ra3 Kf7 67. Kf3 Ke7 68. Ke4 Ke6 69. Ra1 Kd6 70. Rd1+ Ke6 71. Rd4 Rc5 72. Rb4 Ra5 73. Rb6+ Kf7 74. Rb7+ Kf8 75. Rb5 Rxa4+ 76. Ke5 Rc4 77. Rb8+ Kf7 78. Rb7+ Kf8 79. Rd7 Ra4 80. f5 Rxg4 81. Kf6 Ke8 82. Re7+ Kd8 83. Re1 gxf5 84. g6 f4 85. Re5 f3 86. Rf5 Ke8 87. g7 f2 88. Rxf2 Rg1 89. Re2+ Kd7 90. Re5 Kd6 91. Rg5 Rf1+ 92. Kg6 1-0

[Event "Asian Continental op (Women) 12th"]
[Site "Manila"]
[Date "2013.05.18"]
[Round "1"]
[White "Muminova, Nafisa"]
[Black "Bernales, Christy Lamiel"]
[Result "1-0"]
[WhiteElo "2307"]
[BlackElo "2016"]
[PlyCount "139"]
[EventDate "2013.05.18"]
[EventType "swiss"]
[EventRounds "9"]
[EventCountry "PHI"]
[SourceTitle "CBM 154 Extra"]
[Source "ChessBase"]
[SourceDate "2013.06.25"]
[SourceVersion "2"]
[SourceVersionDate "2013.06.25"]
[SourceQuality "1"]

1. e4 e6 2. f4 d5 3. e5 c5 4. Nf3 Nc6 5. c3 Qc7 6. Be2 Be7 7. Na3 Bd7 8. 0-0 h5 9. d4 Nh6 10. Kh1 Nf5 11. Bd3 g6 12. Bxf5 gxf5 13. dxc5 Bxc5 14. b4 Be7 15. Nb5 Qb6 16. a4 a6 17. Nbd4 Nxd4 18. Nxd4 Rc8 19. Rf3 Rc4 20. Rd3 Qc7 21. Bd2 f6 22. Qe2 Kf7 23. Re1 fxe5 24. fxe5 Bxa4 25. Qf3 Bc6 26. Bf4 Qc8 27. Qe2 Qg8 28. Qd2 h4 29. h3 Qg6 30. Rf1 Rh5 31. Rf2 Bg5 32. Rdf3 Ke7 33. Qe1 Bd7 34. Qd2 Qg7 35. Qe1 Rh8 36. Bh2 Rhc8 37. Rf1 Qg6 38. Qa1 Qh6 39. b5 axb5 40. Bg1 Bd2 41. Ne2 Be8 42. Qa7 Bh5 43. Qxb7+ R4c7 44. Qxb5 Bxf3 45. Rxf3 Qg5 46. Qb6 Rc6 47. Qb7+ R8c7 48. Qb8 Rc8 49. Qb7+ R6c7 50. Qb6 Rd7 51. Nd4 Qg8 52. Qb4+ Kd8 53. Qb6+ Ke7 54. Qb4+ Kd8 55. Nb5 f4 56. Nd6 Rxd6 57. Qxd6+ Ke8 58. Qa6 Rc4 59. Bf2 Bxc3 60. Qb5+ Kf7 61. Qd7+ Kg6 62. Qd6 Re4 63. Rxc3 Kf5 64. Rb3 Rxe5 65. Bxh4 Re2 66. g4+ Ke4 67. Qb4+ Ke5 68. Qc3+ d4 69. Qc5+ Ke4 70. Qc6+ 1-0

[Event "Tagaytay City zt 3.3 (Women)"]
[Site "Tagaytay City"]
[Date "2011.05.27"]
[Round "6"]
[White "Bernales, Christy Lamiel"]
[Black "Hoang, Thi Bao Tram"]
[Result "0-1"]
[WhiteElo "2015"]
[BlackElo "2325"]
[PlyCount "76"]
[EventDate "2011.05.24"]
[EventType "swiss"]
[EventRounds "9"]
[EventCountry "PHI"]
[SourceTitle "EXT 2012"]
[Source "ChessBase"]
[SourceDate "2011.11.24"]
[SourceVersion "1"]
[SourceVersionDate "2011.11.24"]
[SourceQuality "1"]

1. e4 c6 2. d4 d5 3. Nd2 dxe4 4. Nxe4 Bf5 5. Ng3 Bg6 6. Nf3 Nd7 7. h4 h6 8. Be2 e6 9. Bf4 Ngf6 10. c4 Bb4+ 11. Kf1 Be7 12. Qd2 0-0 13. Kg1 a5 14. h5 Bh7 15. Rh3 Kh8 16. Rd1 a4 17. Qc1 Qa5 18. Nh4 b5 19. c5 Qd8 20. Bd3 Nd5 21. Bxh7 Kxh7 22. Nf3 Nxf4 23. Qxf4 Nf6 24. Ne5 Bxc5 25. Ne4 Bd6 26. Nxf6+ gxf6 27. Qf3 f5 28. Nxc6 Qf6 29. d5 e5 30. Qd3 Rg8 31. Kh1 Rg5 32. Rg1 b4 33. Qe2 Rag8 34. b3 axb3 35. axb3 e4 36. Qe3 Rxg2 37. Rd1 Qg7 38. f3 Rg3 0-1

[Event "Tagaytay City zt 3.3 (Women)"]
[Site "Tagaytay City"]
[Date "2011.05.25"]
[Round "2"]
[White "Bernales, Christy Lamiel"]
[Black "Li, Ruofan"]
[Result "1/2-1/2"]
[WhiteElo "2015"]
[BlackElo "2423"]
[PlyCount "131"]
[EventDate "2011.05.24"]
[EventType "swiss"]
[EventRounds "9"]
[EventCountry "PHI"]
[SourceTitle "EXT 2012"]
[Source "ChessBase"]
[SourceDate "2011.11.24"]
[SourceVersion "1"]
[SourceVersionDate "2011.11.24"]
[SourceQuality "1"]

1. e4 c5 2. Nc3 Nc6 3. f4 g6 4. Nf3 Bg7 5. Bb5 Nd4 6. 0-0 e6 7. Nxd4 cxd4 8. Ne2 Ne7 9. Qe1 0-0 10. Qf2 f5 11. d3 a6 12. Ba4 b5 13. Bb3 a5 14. a4 bxa4 15. Rxa4 fxe4 16. dxe4 Ba6 17. Rd1 Bb5 18. Ra3 Nc6 19. c3 d3 20. Ng3 a4 21. Ba2 Na5 22. Qc5 Qb8 23. f5 Rc8 24. Qf2 Nc4 25. Bxc4 Bxc4 26. f6 Bf8 27. f7+ Kg7 28. Bf4 Qb5 29. Rf1 d2 30. Rd1 Bxa3 31. bxa3 Rf8 32. Qd4+ Kxf7 33. Bh6 Rg8 34. Rxd2 d5 35. Rf2+ Ke8 36. Qf6 Qd7 37. Bf8 Ra6 38. Bb4 Qc7 39. Qh4 Qg7 40. Qg5 Rc6 41. Qf4 Kd7 42. Ne2 Bxe2 43. Rxe2 d4 44. Qd2 Rgc8 45. e5 Rc4 46. Qd1 Ke8 47. Rf2 R8c6 48. Qf1 Rxb4 49. cxb4 d3 50. Qxd3 Qxe5 51. g3 Rc1+ 52. Kg2 Qd5+ 53. Qxd5 exd5 54. Rd2 Rc3 55. Rxd5 Rxa3 56. Ra5 Ke7 57. Ra6 Ra2+ 58. Kh3 a3 59. b5 h5 60. Rxg6 Rb2 61. Ra6 a2 62. g4 hxg4+ 63. Kxg4 Rxh2 64. Kf4 Rb2 65. Ke4 Rxb5 66. Rxa2 1/2-1/2

[Event "PHI-ch (Women)"]
[Site "Tagaytay City"]
[Date "2010.05.26"]
[Round "2"]
[White "Bernales, Christy Lamiel"]
[Black "Suede, Akiko Charmaine"]
[Result "0-1"]
[WhiteElo "2043"]
[BlackElo "1945"]
[PlyCount "90"]
[EventDate "2010.05.25"]
[EventType "tourn"]
[EventRounds "11"]
[EventCountry "PHI"]
[SourceTitle "CBM 136 Extra"]
[Source "ChessBase"]
[SourceDate "2010.07.02"]
[SourceVersion "2"]
[SourceVersionDate "2010.07.15"]
[SourceQuality "1"]

1. e4 e6 2. d4 d5 3. exd5 exd5 4. Bd3 Bd6 5. Nf3 Nf6 6. 0-0 0-0 7. h3 c5 8. c3 Nc6 9. Bg5 cxd4 10. cxd4 h6 11. Be3 Nb4 12. Be2 Bf5 13. Ne1 Rc8 14. Nc3 Ne4 15. a3 Nxc3 16. bxc3 Nc6 17. c4 dxc4 18. Bxc4 Qe7 19. Bd3 Bxd3 20. Nxd3 Rfd8 21. Qg4 Qd7 22. Qe4 Re8 23. Qf3 Bb8 24. Nc5 Qd6 25. g3 Nxd4 26. Bxd4 Qxd4 27. Nxb7 Rc3 28. Rfd1 Re1+ 29. Kg2 Rxf3 30. Rxd4 Rxa1 31. Kxf3 Rxa3+ 32. Kg4 Bc7 33. Rc4 Bb6 34. Rc8+ Kh7 35. f3 Rd3 36. Rc6 g6 37. Kf4 Rd7 38. Nc5 Rd4+ 39. Ke5 Rc4 40. Kd5 Rxc5+ 41. Rxc5 Bxc5 42. Kxc5 Kg7 43. Kb5 Kf6 44. Ka6 Ke5 45. Kxa7 Kd4 0-1